ბათუმის შოთა რუსთაველის სახელმწიფო უნივერსიტეტის ბიბლიოთეკა

მოსკოვი-მშვიდობის დედაქალაქი (ბიბ.ჩანაწერი № 50001)

000 -LEADER
fixed length control field 01005nam a2200229Ia 4500
001 - CONTROL NUMBER
control field 16938
003 - CONTROL NUMBER IDENTIFIER
control field GE_BSU
008 - FIXED-LENGTH DATA ELEMENTS--GENERAL INFORMATION
fixed length control field 181216s||||||||xx |||||||||||||| ||und||
040 ## - CATALOGING SOURCE
Transcribing agency GE_BSU
080 ## - UNIVERSAL DECIMAL CLASSIFICATION NUMBER
Universal Decimal Classification number 329.78(079)(47+57-25)
100 ## - MAIN ENTRY--PERSONAL NAME
Personal name ბედინეიშვილი, გ.
245 ## - TITLE STATEMENT
Title მოსკოვი-მშვიდობის დედაქალაქი
245 ## - TITLE STATEMENT
Remainder of title მსოფლიოს ახალგაზრდობის მეექვსე ფესტივალის დელეგატის ჩანაწერები.
245 ## - TITLE STATEMENT
Statement of responsibility, etc. რედ.ირ. არაბული
260 ## - PUBLICATION, DISTRIBUTION, ETC.
Place of publication, distribution, etc. თბილისი
260 ## - PUBLICATION, DISTRIBUTION, ETC.
Name of publisher, distributor, etc. საბჭ. საქართველო
260 ## - PUBLICATION, DISTRIBUTION, ETC.
Date of publication, distribution, etc. 1959
300 ## - PHYSICAL DESCRIPTION
Extent 191გვ. : ილ. ; 21სმ
653 ## - INDEX TERM--UNCONTROLLED
Uncontrolled term მოსკოვი-მშვიდობის დედაქალაქი
653 ## - INDEX TERM--UNCONTROLLED
Uncontrolled term მსოფლიოს ახალგაზრდობის ფესტივალი
942 ## - ADDED ENTRY ELEMENTS (KOHA)
Koha item type წიგნი
ეგზემპლარები
Withdrawn status Lost status Damaged status Not for loan Date acquired Barcode Date last seen Price effective from Koha item type
        2018-12-17 21748 2018-12-17 2018-12-17 წიგნი